| 000 | 01931cam a2200349 a 4500 | ||
|---|---|---|---|
| 003 | EG-GiCUC | ||
| 005 | 20250223030632.0 | ||
| 008 | 120513s2012 ua f m 000 0 eng d | ||
| 040 |
_aEG-GiCUC _beng _cEG-GiCUC |
||
| 041 | 0 | _aeng | |
| 049 | _aDeposite | ||
| 097 | _aPh.D | ||
| 099 | _aCai01.11.15.Ph.D.2012.Su.E | ||
| 100 | 0 | _aSuzy Abdelaziz Abdelhamid | |
| 245 | 1 | 0 |
_aEarly prediction of preeclampsia and intra uterine growth retardation using first trimesteric uterine artery doppler and maternal serum beta-human chronic gonadotrophin / _cSuzy Abdelaziz Abdelhamid ; Supervised Asmaa Farid , Mohamed Hani Shehata , Eman Ali Hussein |
| 246 | 1 | 5 | _aالتنبؤ المبكر لحالات تسمم الحمل و تأخر النمو الجنيني عن طريق قياس نسبة هورمون الحمل و دوبلر الشريان الرحمي فى الثلاث شهور الأولى من الحمل |
| 260 |
_aCairo : _bSuzy Abdelaziz Abdelhamid , _c2012 |
||
| 300 |
_a152 P. ; _c25cm |
||
| 502 | _aThesis (Ph.D.) - Cairo University - Faculty of Medicine - Department of Gynecology and Obstetrics | ||
| 520 | _aHypertensive disorders during pregnancy constitute a serious health problem and are associated with increased risk of maternal-perinatal adverse outcome. One main goal of prenatal care is to improve the outcome of pregnancy in terms of perinatal morbidity and mortality by identifying women at risk of complications of uteroplacental insufficiency; preeclampsia and IUGR | ||
| 530 | _aIssued also as CD | ||
| 653 | 4 | _aHuman choronic gonadotrophin | |
| 653 | 4 | _aPreeclampsia and IUGR | |
| 653 | 4 | _aUterine Artery doppler | |
| 700 | 0 |
_aAsmaa Farid Abaasy , _eSupervisor |
|
| 700 | 0 |
_aEman Ali Hussein , _eSupervisor |
|
| 700 | 0 |
_aMohamed Hani Shehata , _eSupervisor |
|
| 856 | _uhttp://172.23.153.220/th.pdf | ||
| 905 |
_aNazla _eRevisor |
||
| 905 |
_aSamia _eCataloger |
||
| 942 |
_2ddc _cTH |
||
| 999 |
_c38841 _d38841 |
||